Southville International School and Colleges
Your cart is empty.
  • Cart
  • Lists
    Public lists Eva Luna New books Lux_list list_1
    Your lists Log in to create your own lists
  • Log in to your account
  • Your cookies
  • Search history
Southville International School and Colleges
  • Advanced search
  • Recent comments
  • Most popular
  • Libraries

Log in to your account

Log in with GOOGLE


If you do not have an external account, but do have a local account, you can still log in:

  1. Home
  2. MARC view: Biodiesel from tuba tuba (Jatropha curcas) and coconut (Cocos nucifera) /
Normal view MARC view ISBD view

Biodiesel from tuba tuba (Jatropha curcas) and coconut (Cocos nucifera) / (Record no. 97819)

[ view plain ]
MARC details
000 -LEADER
fixed length control field 00693nam a2200193 a 4500
003 - CONTROL NUMBER IDENTIFIER
control field 0
005 - DATE AND TIME OF LATEST TRANSACTION
control field 20250410093731.0
008 - FIXED-LENGTH DATA ELEMENTS--GENERAL INFORMATION
fixed length control field 071121s19uu xx 00 eng d
050 ## - LIBRARY OF CONGRESS CALL NUMBER
Classification number PHS TP 360
Item number .F47 2007
100 ## - MAIN ENTRY--PERSONAL NAME
Personal name Ferenal, Louise Anne Abando.
245 ## - TITLE STATEMENT
Title Biodiesel from tuba tuba (Jatropha curcas) and coconut (Cocos nucifera) /
Statement of responsibility, etc Louise Anne Abando Ferenal.
260 ## - PUBLICATION, DISTRIBUTION, ETC. (IMPRINT)
Place of publication, distribution, etc Las Piñas City, Philippines :
Name of publisher, distributor, etc Southville International School and Colleges,
Date of publication, distribution, etc 2007.
300 ## - PHYSICAL DESCRIPTION
Extent 35 pages :
Other physical details illustrations ;
Dimensions 28 cm.
504 ## - BIBLIOGRAPHY, ETC. NOTE
Bibliography, etc Includes bibliographical references.
650 ## - SUBJECT ADDED ENTRY--TOPICAL TERM
Topical term or geographic name as entry element Biodiesel fuels.
650 ## - SUBJECT ADDED ENTRY--TOPICAL TERM
Topical term or geographic name as entry element Jatropha curcas.
650 ## - SUBJECT ADDED ENTRY--TOPICAL TERM
Topical term or geographic name as entry element Renewable energy sources.
942 ## - ADDED ENTRY ELEMENTS (KOHA)
Source of classification or shelving scheme Library of Congress Classification
Koha item type PASS
Holdings
Withdrawn status Lost status Source of classification or shelving scheme Damaged status Home library Current library Shelving location Date acquired Source of acquisition Total Checkouts Full call number Barcode Date last seen Price effective from Koha item type
    Library of Congress Classification   Luxembourg Library Luxembourg Library Portfolio Assessment of SISC Students Section 11/21/2007 Donation   PHS TP 360 .F47 2007 P1893 04/08/2014 04/08/2014 PASS

Biodiesel from tuba tuba (Jatropha curcas) and coconut (Cocos nucifera) /

APA

Ferenal L. A. A., . (2007). Biodiesel from tuba tuba (Jatropha curcas) and coconut (Cocos nucifera). Las Piñas City, Philippines: Southville International School and Colleges.

Chicago

Ferenal Louise Anne Abando, . 2007. Biodiesel from tuba tuba (Jatropha curcas) and coconut (Cocos nucifera). Las Piñas City, Philippines: Southville International School and Colleges.

Harvard

Ferenal L. A. A., . (2007). Biodiesel from tuba tuba (Jatropha curcas) and coconut (Cocos nucifera). Las Piñas City, Philippines: Southville International School and Colleges.

MLA

Ferenal Louise Anne Abando, . Biodiesel from tuba tuba (Jatropha curcas) and coconut (Cocos nucifera). Las Piñas City, Philippines: Southville International School and Colleges. 2007.

  • Print
  • Cite
  • Add to your cart (remove)
  • Save record
    BIBTEX Dublin Core MARCXML MARC (non-Unicode/MARC-8) MARC (Unicode/UTF-8) MARC (Unicode/UTF-8, Standard) MODS (XML) RIS
  • More searches
    Search for this title in:
    Other Libraries (WorldCat) Other Databases (Google Scholar) Online Stores (Bookfinder.com) Open Library (openlibrary.org)

Exporting to Dublin Core...

SOUTHVILLE LIBRARY

Southville International School and Colleges Library

1281 Tropical Ave. Cor. Luxembourg St., BF Homes International, Las Pinas City

Tel. No. 8256374 / 252358 Loc. 117/146

Powered by Koha